000 01056nam a2200265 i 4500
001 bg
100 1 _aKOCH, Tomasz
245 1 0 _aProgramowanie redundantnych robotów przemysłowych /
_cTomasz Koch.
260 _aWrocław :
_bOficyna Wydawnicza PW,
_c1996.
300 _a140 s. :
_bfot., rys., wykr. ;
_c24 cm.
490 1 _aPrace Naukowe Instytutu Technologii Maszyn i Automatyzacji Politechniki Wrocławskiej. Monografie,
_x0867-5325 ;
_v18
500 _aNa s. 4 okł. błędny ISSN.
500 _aNumeracja ser. gł. : 62.
504 _aBibliogr. s. 129-137. - Summ.
650 9 _aAutomaty
_xprogramowanie
650 9 _aAutomaty
_xstosowanie
_xprzemysł
650 9 _aSterowanie
830 0 _aPrace Naukowe Instytutu Technologii Maszyn i Automatyzacji Politechniki Wrocławskiej.
_pMonografie ;
_v18
040 _cBPK
041 0 _apl
_ben
080 _a681.5:007.5:519.85
942 _cKS
008 s pl f |000 0 pol
856 _uhttp://koha.tu.koszalin.pl/cgi-bin/koha/opac-detail.pl?biblionumber=31062
_yKatalog online BPK
999 _c31062
_d31062